| 000 | 01298nam a2200301Ia 4500 | ||
|---|---|---|---|
| 001 | 16050 | ||
| 003 | IT-RoPAU | ||
| 008 | 130308s9999 xx 000 0 und d | ||
| 040 | _aIT-RoPAU | ||
| 040 | _cIT-RoPAU | ||
| 041 | _aFRANCESE | ||
| 100 | _aQuiniou Jean-Claude | ||
| 100 | _gCodice Aut. SPICS: 10324 | ||
| 245 | _aTelematique, mythes et realites | ||
| 245 | _bTelematique, Mythes et Realites | ||
| 250 | _a1a ed. | ||
| 260 | _aSAINT/AMAND | ||
| 260 | _bGallimard | ||
| 260 | _c1980 [1° Ed.:1980 - Ed.Ling.Originale:1980] | ||
| 300 | _a"244 p. (prefazione: no ; testo: 244)" | ||
| 500 | _aTelematica Miti e Realtà. Nuovi mezzi e Nuovi Servizi: Computer e Schermotelevisivo, Trasmissione a Distanza, Microprocessori, Megamemoria. Corriere Elettronico, Teletex, Teletel, banche Dati, Teleconferenze. Evoluzione Industriale e Automatizzazione del Terziario: professioni dell'Informatica. Sviluppi tecnici Verso Il Grande Pubblico: Pay Tv, Registratori, Campo Dellaradio e del Suono. liberalismo Tecnocratico Attraverso Esperienze Straniere: Nuovi Miti degli Stati Uniti e del Giappone. Orientamenti per una Ricerca Teorica. | ||
| 650 | _aSAGGI SULLA MULTIMEDIALITA' | ||
| 650 | _eCodice materia Spics: 4257 | ||
| 942 | _cBK | ||
| 957 | _71 | ||
| 999 |
_c68260 _d68260 |
||
| 999 | _bSI | ||
| 999 | _g1 | ||